00668 2200241 4500001002100000005001500021035002000036245010400056100001200160250000600172300003600178700001800214260004400232082001000276084001600286020002200302650001700324990001700341990001700358990001700375990001700392990001700409INLIS00000000000053120181207102740 a0010-12180000171 aBudidaya dan Manfaat Mengkudu, Blustru, Ciplukan dan Mahkota Dewa /cKardono; Editor, Eko Praptanto0 aKardono a- avii, 64 hlm. :bilus. ;c25 cm.0 aEko Praptanto aJakarta :bPT Armandelta Selaras,c2010 a581.6 a581.6 KAR b a978-979-050-077-8 aApotek Hidup a01895/P/2018 a01896/P/2018 a01897/P/2018 a01898/P/2018 a01899/P/2018